|
|
|
|
| LEADER |
00000nab a2200000 a 4500 |
| 001 |
vtls000762857 |
| 003 |
SK-MaSNL |
| 005 |
20260302153924.0 |
| 008 |
140301c2001 xo 0 slo |
| 015 |
|
|
|a SNBRB2001/07-21319
|
| 035 |
|
|
|a CLN000114644
|
| 040 |
|
|
|a SNKBUCL
|b slo
|c SNKBUCL
|e AACR2
|
| 041 |
0 |
|
|a slo
|
| 044 |
|
|
|a xo
|c SK
|
| 080 |
|
|
|a 336.71(437.6)
|2 1997
|
| 100 |
1 |
|
|a Podstupka, Ivan
|4 ain
|9 275288
|
| 245 |
1 |
0 |
|a Európa vyžaduje transparentnosť a kontrolu
|b hovoríme so štátnym tajomníkom Ministerstva financií SR Viliamom Vaškovičom
|c [zhováral sa] Ivan Podstupka
|
| 300 |
|
|
|b Fotogr.
|
| 650 |
0 |
7 |
|a bankovníctvo
|x reštrukturalizácia
|z Slovensko
|2 snkbucl
|9 849774
|
| 655 |
|
7 |
|a články z novín a časopisov
|2 snkbucl
|9 267496
|
| 700 |
1 |
|
|a Vaškovič, Viliam
|4 aut
|9 283901
|
| 773 |
0 |
|
|t Hospodárske noviny
|g Roč. 9, č. 85 (3.5.2001), s. 17
|x 1335-4701
|
| 850 |
|
|
|a Slovenská národná knižnica v Martine
|
| 852 |
|
|
|a SNK
|b KIS3GCP
|
| 958 |
|
|
|a SK
|
| 992 |
|
|
|a RBX
|
| 999 |
|
|
|c 1366941
|d 1368871
|